000 00275nam a2200109Ia 4500
008 220204s9999 xx 000 0 und d
082 _a91(031)
_bTUN
100 _aTunney, C J
245 0 _aConcise encyclopedia of geography
260 _aBerkshire
_bPurnell
_c1976
942 _cBK
999 _c26586
_d26586